| 000 | 00732nam a22002535i 4500 | ||
|---|---|---|---|
| 999 |
_c130341 _d130341 |
||
| 001 | 20868316 | ||
| 003 | ARRUPE | ||
| 005 | 20200211095228.0 | ||
| 008 | 190227s2019 nyu 000 0 eng | ||
| 010 | _a 2019935513 | ||
| 020 | _a9783030155605 | ||
| 040 |
_aDLC _beng _erda _cDLC |
||
| 042 | _apcc | ||
| 050 | _aB5310.M718 2019 | ||
| 100 |
_aMolefe, Motsamai _949484 |
||
| 245 | 0 | 3 |
_aAn African philosophy of personhood, morality, and politics. _cMotsamai Molefe |
| 260 |
_aJohannesburg _bPalgrave Macmillan _c2019 |
||
| 263 | _a1907 | ||
| 300 |
_ax, 179p. ; _c21cm. |
||
| 650 |
_aPhilosophy, African _949485 |
||
| 906 |
_a0 _bibc _corignew _d2 _eepcn _f20 _gy-gencatlg |
||
| 942 |
_2lcc _cMONOGRAPH |
||